000 00459nam a2200181Ia 4500
005 20250423100502.0
008 250422s9999 xx 000 0 und d
020 _a0-03-076755-5
050 _aBD 31 .B38/
100 _aBeck, Robert Nelson, 1924- ed.
245 0 _aPerspectives in philosophy, a book of readings
250 _a2nd ed.
260 _aNew York
260 _bHolt, Rinehart and Winston
260 _c1969
300 _a405 p
942 _cBK
999 _c33451
_d33451